Tracks Remade in Mario Kart Tour - Statistics

General Stats
  • This quiz has been taken 8 times
  • The average score is 56 of 72
Answer Stats
Prefix Track % Correct
GBA Boo Lake
100%
GBA Bowser Castle 1
100%
GBA Bowser Castle 2
100%
SNES Bowser Castle 3
100%
GBA Bowser Castle 3
100%
GBA Bowser Castle 4
100%
3DS Bowser’s Castle
100%
SNES Choco Island 1
100%
SNES Choco Island 2
100%
N64 Choco Mountain
100%
SNES Donut Plains 1
100%
SNES Donut Plains 2
100%
SNES Donut Plains 3
100%
N64 Frappe Snowland
100%
SNES Ghost Valley 1
100%
SNES Ghost Valley 2
100%
SNES Koopa Beach 2
100%
N64 Koopa Troopa Beach
100%
N64 Luigi Raceway
100%
DS Mario Circuit
100%
3DS Mario Circuit
100%
SNES Mario Circuit 1
100%
SNES Mario Circuit 2
100%
SNES Mario Circuit 3
100%
N64 Mario Raceway
100%
SNES Rainbow Road
100%
Wii Rainbow Road
100%
3DS Rainbow Road
100%
N64 Royal Raceway
100%
GBA Snow Land
100%
3DS Toad Circuit
100%
SNES Vanilla Lake 1
100%
SNES Vanilla Lake 2
100%
N64 Kalimari Desert
86%
GBA Luigi Circuit
86%
GBA Peach Circuit
86%
GBA Sunset Wilds
86%
Wii Coconut Mall
71%
GCN Dino Dino Jungle
71%
GCN Mushroom Bridge
71%
Wii Mushroom Gorge
71%
GBA Riverside Park
71%
DS Shroom Ridge
71%
DS Waluigi Pinball
71%
GCN Yoshi Circuit
71%
DS Airship Fortress
57%
GBA Cheep Cheep Island
57%
Wii Daisy Circuit
57%
GCN DK Mountain
57%
Wii DK’s Snowboard Cross
57%
Wii Dry Dry Ruins
57%
Wii Koopa Cape
57%
DS Luigi’s Mansion
57%
Wii Maple Treeway
57%
Wii Moonview Highway
57%
3DS Rosalina’s Ice World
57%
GBA Sky Garden
57%
GCN Waluigi Stadium
57%
GBA Yoshi Desert
57%
N64 Yoshi Valley
57%
3DS Alpine Pass
43%
GCN Baby Park
43%
3DS Cheep Cheep Cape
43%
GCN Daisy Cruiser
43%
DS DK Pass
43%
3DS Koopa City
43%
GBA Lakeside Park
43%
DS Peach Gardens
43%
3DS Shy Guy Bazaar
43%
3DS Wario’s Galleon
43%
3DS Daisy Hills
29%
3DS Piranha Plant Pipeway
29%
No matching quizzes found
Score Distribution
Percent of People with Each Score
Percentile by Number Answered
Your Score History
You have not taken this quiz